[Event "SWE-chT 1011"]
[Site "Sweden"]
[Date "2010.10.09"]
[Round "2"]
[White "Zachrisson, Mattias"]
[Black "Barkhagen, Jonas"]
[Result "0-1"]
[WhiteElo "2049"]
[BlackElo "2443"]
[PlyCount "136"]
[EventDate "2010.10.08"]
[EventType "team-tourn"]
[EventRounds "11"]
[EventCountry "SWE"]
[SourceTitle "CBM 138 Extra"]
[Source "ChessBase"]
[SourceDate "2010.10.29"]
[SourceVersion "1"]
[SourceVersionDate "2010.10.29"]
[SourceQuality "1"]
[WhiteTeam "Orgryte"]
[BlackTeam "Stockholm Rockaden"]
[WhiteTeamCountry "SWE"]
[BlackTeamCountry "SWE"]

1. e4 c5 2. Nf3 d6 3. d3 Nf6 4. g3 b6 5. Bg2 Bb7 6. 0-0 e6 7. Nbd2 Be7 8. Re1 0-0 9. Nf1 Nc6 10. h4 Nd4 11. c3 Nxf3+ 12. Bxf3 Nd7 13. Bg2 Qc7 14. Ne3 Rae8 15. f4 Qb8 16. Bd2 Qa8 17. h5 Bd8 18. g4 Bc7 19. Re2 d5 20. e5 d4 21. Nc4 f6 22. Qa4 Rd8 23. cxd4 cxd4 24. Bb4 Nc5 25. Bxc5 bxc5 26. Bxb7 Qxb7 27. Rf1 h6 28. Rff2 f5 29. g5 hxg5 30. fxg5 f4 31. Re4 Rf5 32. g6 Rxh5 33. Rfxf4 Rg5+ 34. Kf1 Rxg6 35. Qd1 Rg5 36. Qf3 Qd5 37. Qe2 Rf5 38. Rxf5 exf5 39. Rh4 Qf7 40. Qh2 Qg6 41. Rh8+ Kf7 42. Rxd8 Bxd8 43. Qh1 Be7 44. Qd5+ Qe6 45. Qb7 f4 46. Nd6+ Kg8 47. Qc8+ Qxc8 48. Nxc8 Kf7 49. Nxa7 Ke6 50. a4 Kxe5 51. a5 Kd5 52. Nc8 Bf8 53. Ke2 Kc6 54. Nb6 Bd6 55. Kf3 Bc7 56. Nc4 Kb5 57. Kg4 Ka6 58. Kf3 g5 59. Kg4 Bxa5 60. Ne5 Bd8 61. Kf5 Kb5 62. Ke4 Bc7 63. Ng4 Kb4 64. Kd5 Bb8 65. Ke4 Kb3 66. Kf5 Kxb2 67. Nf2 Kc2 68. Kxg5 c4 0-1

[Event "Taby Scandinavian op"]
[Site "Taby"]
[Date "2007.08.09"]
[Round "8"]
[White "Agrest, Inna"]
[Black "Zachrisson, Mattias"]
[Result "1/2-1/2"]
[WhiteElo "2085"]
[BlackElo "2090"]
[PlyCount "44"]
[EventDate "2007.08.04"]
[EventType "swiss"]
[EventRounds "9"]
[EventCountry "SWE"]
[SourceTitle "CBM 119 Extra"]
[Source "ChessBase"]
[SourceDate "2007.09.04"]
[SourceVersion "1"]
[SourceVersionDate "2007.09.04"]
[SourceQuality "1"]

1. e4 g6 2. d4 Bg7 3. Be3 b6 4. f4 e6 5. Nf3 Ne7 6. Bd3 d5 7. e5 Ba6 8. Bf2 Qc8 9. 0-0 c5 10. c3 Bxd3 11. Qxd3 Qa6 12. Qc2 Nd7 13. a4 Qb7 14. a5 c4 15. g4 h5 16. h3 hxg4 17. hxg4 b5 18. Bh4 Bh6 19. Bxe7 Kxe7 20. Nh2 a6 21. g5 Bg7 22. Nd2 Rh5 1/2-1/2

[Event "Taby Scandinavian op"]
[Site "Taby"]
[Date "2007.08.08"]
[Round "7"]
[White "Nygren, Kim"]
[Black "Zachrisson, Mattias"]
[Result "1/2-1/2"]
[WhiteElo "2247"]
[BlackElo "2090"]
[PlyCount "58"]
[EventDate "2007.08.04"]
[EventType "swiss"]
[EventRounds "9"]
[EventCountry "SWE"]
[SourceTitle "CBM 119 Extra"]
[Source "ChessBase"]
[SourceDate "2007.09.04"]
[SourceVersion "1"]
[SourceVersionDate "2007.09.04"]
[SourceQuality "1"]

1. c4 e5 2. g3 g6 3. Bg2 Bg7 4. Nc3 d6 5. e3 Nf6 6. Nge2 0-0 7. 0-0 c6 8. d4 Re8 9. b4 e4 10. b5 Nbd7 11. bxc6 bxc6 12. f3 d5 13. fxe4 dxe4 14. Qc2 Qe7 15. a4 Ba6 16. Ba3 Qe6 17. d5 cxd5 18. Nf4 Qe5 19. Ncxd5 Nxd5 20. Nxd5 Rac8 21. Qf2 f5 22. Rfd1 Bxc4 23. Nf4 Nc5 24. Rab1 Nd3 25. Nxd3 Bxd3 26. Qa2+ Qe6 27. Qxe6+ Rxe6 28. Rxd3 exd3 29. Bd5 Rce8 1/2-1/2